000 00618nam a2200229Ia 4500
003 OSt
005 20220928104713.0
006 a|||||r|||| 00| 0
007 ta
008 220927b |||||||| |||| 00| 0 eng d
024 _a59804
037 _cTextual
040 _aSDCL
_cSDCL
_beng
041 _2eng
_aeng
082 _aR660aA, N8
100 _aRai Vijay Shankar
_9396116
245 0 _aAdhunik vigyan brahma va manve ashv.
260 _aJablpur
_bGyan-Vigyan Shodh Sansthan
_c1998
300 _a298p.
_ccm.
942 _hR660aA, N8
_cTEXL
_2CC
999 _c727304
_d727304